[Event "Hastings Masters"]
[Site "Hastings"]
[Date "2006.12.29"]
[Round "2.41"]
[White "Fryer, David"]
[Black "O'Toole, George"]
[Result "1-0"]
[WhiteElo "2101"]
[BlackElo "1935"]
[PlyCount "59"]
[EventDate "2006.12.28"]
[SourceDate "2006.12.28"]

1. e4 e5 2. Bc4 Nf6 3. d3 Nc6 4. Nc3 Bb4 5. Nge2 d5 6. exd5 Nxd5 7. O-O Be6 8.
Ne4 f6 9. N2g3 Qd7 10. a3 Be7 11. Bd2 f5 12. Nc3 Nxc3 13. Bxc3 Bxc4 14. dxc4
Qxd1 15. Raxd1 O-O 16. b4 e4 17. Rd7 Bf6 18. Bxf6 Rxf6 19. Rxc7 Re8 20. Rxb7 f4
21. Nh5 Rh6 22. Nxf4 Rf8 23. Nd5 Nd4 24. Re1 Rh4 25. Ne3 Rhf4 26. c3 Nc6 27.
Re2 Ne5 28. Nd5 Rd8 29. g3 Nf3+ 30. Kg2 1-0

[Event "Hastings Masters"]
[Site "Hastings"]
[Date "2006.12.29"]
[Round "2.42"]
[White "Norinkeviciute, Rasa"]
[Black "Kenyon, Scott"]
[Result "1/2-1/2"]
[WhiteElo "2094"]
[BlackElo "1759"]
[PlyCount "87"]
[EventDate "2006.12.28"]
[SourceDate "2006.12.28"]

1. f4 e5 2. fxe5 d6 3. exd6 Bxd6 4. Nf3 Nc6 5. d4 Bg4 6. Bg5 f6 7. Be3 Qe7 8.
Bf2 O-O-O 9. c3 Nh6 10. Nbd2 Bh5 11. Qa4 Ng4 12. e4 Bf4 13. Bb5 f5 14. Bxc6
bxc6 15. e5 Nxe5 16. Nxe5 Bxd2+ {(=)} 17. Kxd2 Qxe5 18. Rae1 Qb5 19. Qxb5 cxb5
20. Re5 a6 21. Rxf5 Rdf8 22. Rxf8+ Rxf8 23. Be3 Kd7 24. Rg1 Bg4 25. a4 c6 26.
axb5 axb5 27. Ra1 Ke6 28. Ra6 Kd5 29. Ra7 Rg8 30. Re7 Be6 31. Bf4 h5 32. h4 g6
{(=)} 33. b3 Rf8 34. g3 Rf6 35. Ke3 Bg4 36. Re5+ Kd6 37. Re8+ Kd7 38. Ra8 Bd1
39. Ra7+ Ke6 40. d5+ cxd5 41. Rb7 Bxb3 42. Rxb5 Bc4 {(=)} 43. Rb8 Kf5 44. Kf3
1/2-1/2

[Event "Hastings Masters"]
[Site "Hastings"]
[Date "2006.12.29"]
[Round "2.43"]
[White "Snowden, James"]
[Black "Chevannes, Sabrina"]
[Result "1-0"]
[WhiteElo "1903"]
[BlackElo "2093"]
[PlyCount "37"]
[EventDate "2006.12.28"]
[SourceDate "2006.12.28"]

1. e4 c6 2. c4 d5 3. cxd5 cxd5 4. exd5 Nf6 5. Nc3 g6 6. Bc4 Bg7 7. Nf3 O-O 8.
O-O Nbd7 9. d3 b6 10. d4 Bb7 11. Qb3 a6 12. a4 Qc7 13. Bg5 Rac8 14. Bd3 Qd6 15.
Bc4 Qc7 16. Bd3 Qd6 17. Bc4 {(=)} Rc7 18. g3 Nh5 19. Ne4 1-0

[Event "Hastings Masters"]
[Site "Hastings"]
[Date "2006.12.29"]
[Round "2.44"]
[White "Pickersgill, Adrian"]
[Black "Messam-Sparks, Lateefah"]
[Result "1-0"]
[WhiteElo "2093"]
[BlackElo "1560"]
[PlyCount "97"]
[EventDate "2006.12.28"]
[SourceDate "2006.12.28"]

1. e4 c5 2. c3 Nf6 3. e5 Nd5 4. d4 cxd4 5. Qxd4 Nb6 6. Nf3 Nc6 7. Qe4 g6 8. Bf4
Bg7 9. Na3 a6 10. Bd3 e6 11. O-O Nd5 12. Nc4 O-O 13. Bg3 b5 14. Nd6 Rb8 15.
Rfd1 Qb6 16. h4 Nde7 17. h5 Bb7 18. Nxb7 Qxb7 19. Qh4 Rfc8 20. Re1 b4 21. c4 b3
22. a3 a5 23. Bf4 Qc7 24. Bg5 d5 25. Bf6 dxc4 26. hxg6 hxg6 27. Ng5 cxd3 28.
Qh7+ Kf8 29. Qxg7+ Ke8 30. Qxf7+ Kd7 31. Qxe6+ Ke8 32. Qf7+ Kd7 33. Rad1 Rg8
34. Rxd3+ Kc8 35. Qe6+ Kb7 36. Rd7 Qxd7 37. Qxd7+ Kb6 38. Bxe7 Nxe7 39. Qxe7
Rbe8 40. Qd6+ Kb7 41. Rc1 Rc8 42. Qd7+ Ka8 43. Rxc8+ Rxc8 44. Qxc8+ Ka7 45. Ne6
Kb6 46. g4 Ka7 47. Qc7+ Ka8 48. Nc5 g5 49. Qb7# 1-0

[Event "Hastings Masters"]
[Site "Hastings"]
[Date "2006.12.29"]
[Round "2.45"]
[White "Henrichsen, Jens"]
[Black "Weidman, Mark"]
[Result "1-0"]
[WhiteElo "2089"]
[BlackElo "1232"]
[PlyCount "103"]
[EventDate "2006.12.28"]
[SourceDate "2006.12.28"]

1. d4 d5 2. Nf3 Nf6 3. c4 c6 4. Nc3 Bg4 5. e3 Nbd7 6. h3 Bh5 7. cxd5 cxd5 8.
Qb3 Nb6 9. Bb5+ Nfd7 10. Nxd5 Bxf3 11. gxf3 e6 12. Nxb6 Qxb6 13. Bxd7+ Kxd7 14.
Qxb6 axb6 15. Bd2 Ra4 16. Ke2 g6 17. Bc3 Bg7 18. b3 Ra3 19. Bb2 Ra5 20. a4 Rc8
21. Rac1 Rca8 22. Bc3 Rh5 23. d5 Bxc3 24. dxe6+ Kxe6 25. Rxc3 Rc5 26. Rhc1 Rac8
27. Rxc5 Rxc5 28. Rxc5 bxc5 29. Kd3 Kd6 30. Kc4 Kc6 31. f4 h6 32. e4 h5 33. e5
h4 34. a5 b5+ 35. axb6 Kxb6 36. Kd5 Kb5 37. Kd6 Kb4 38. f3 Kxb3 39. Kxc5 Kc3
40. Kd6 Kd4 41. Ke7 Ke3 42. Kxf7 Kxf4 43. e6 Kg3 44. e7 Kxh3 45. e8=Q Kg2 46.
Qe2+ Kg3 47. Kxg6 h3 48. f4 Kxf4 49. Qf2+ Kg4 50. Kf6 Kh5 51. Qg3 h2 52. Qg5#
1-0

[Event "Hastings Masters"]
[Site "Hastings"]
[Date "2006.12.29"]
[Round "2.46"]
[White "Macrae, James"]
[Black "Lunn, Timothy"]
[Result "0-1"]
[WhiteElo "1759"]
[BlackElo "2079"]
[PlyCount "92"]
[EventDate "2006.12.28"]
[SourceDate "2006.12.28"]

1. d4 d5 2. Nf3 Nf6 3. e3 c5 4. c3 Qc7 5. Bd3 Bg4 6. Nbd2 Nbd7 7. Qa4 Bxf3 8.
Nxf3 e6 9. Ne5 a6 10. Nxd7 Nxd7 11. Bd2 c4 12. Be2 Bd6 13. f4 f5 14. g4 O-O-O
15. b4 Kb8 16. Qc2 g6 17. a4 b6 18. O-O-O Nf6 19. Rdg1 Ne4 20. Rg2 Nf6 21. g5
Ne4 22. Bf3 Qf7 23. Bxe4 fxe4 24. Qd1 Rc8 25. Kb2 Rc7 26. h4 Rhc8 27. Qe2 Qe7
28. Rc1 a5 29. Qe1 axb4 30. cxb4 Ra7 31. Ra1 Kb7 32. Bc3 Rca8 33. Qd1 Bxb4 34.
Ra2 b5 35. Qd2 Bxc3+ 36. Qxc3 b4 37. Qc1 Rxa4 38. Rxa4 Rxa4 39. Kb1 b3 40. Qc3
Kb6 41. Rb2 Qb4 42. Qxb4+ Rxb4 43. Rh2 c3 44. h5 Ra4 45. hxg6 hxg6 46. Rh6 b2
0-1

[Event "Hastings Masters"]
[Site "Hastings"]
[Date "2006.12.29"]
[Round "2.47"]
[White "Poobalasingam, Peter"]
[Black "Van de Laar, Michael"]
[Result "1-0"]
[WhiteElo "2077"]
[BlackElo "1088"]
[PlyCount "51"]
[EventDate "2006.12.28"]
[SourceDate "2006.12.28"]

1. d4 f5 2. Nf3 Nf6 3. h4 e6 4. Bg5 Be7 5. Nc3 d5 6. Bxf6 Bxf6 7. e3 O-O 8. Qd2
Nc6 9. Be2 Qe7 10. O-O-O Bd7 11. Rdg1 Rad8 12. g4 fxg4 13. Rxg4 e5 14. Nxd5 Qf7
15. Nxf6+ Qxf6 16. Rg3 Be6 17. Rhg1 Rf7 18. Ng5 Rfd7 19. Nxe6 Qxe6 20. d5 Qe8
21. Qc3 Nb8 22. e4 Na6 23. Bg4 Re7 24. Be6+ Kh8 25. Qxe5 Nc5 26. Rxg7 1-0

[Event "Hastings Masters"]
[Site "Hastings"]
[Date "2006.12.29"]
[Round "2.48"]
[White "Cumming, Rhys"]
[Black "Haydon, David"]
[Result "1-0"]
[WhiteElo "1552"]
[BlackElo "2073"]
[PlyCount "119"]
[EventDate "2006.12.28"]
[SourceDate "2006.12.28"]

1. e4 c5 2. c3 d6 3. d4 cxd4 4. cxd4 Nf6 5. Nc3 g6 6. Nf3 Bg7 7. Bd3 O-O 8. h3
Nc6 9. Be3 Bd7 10. Rc1 a6 11. O-O Rc8 12. d5 Na5 13. Qe2 b5 14. Nd2 e6 15. b4
Nb7 16. dxe6 Bxe6 17. a4 Ng4 18. hxg4 Bxc3 19. axb5 axb5 20. Nb1 Bxb4 21. Rxc8
Qxc8 22. Qb2 Bc5 23. Bh6 f6 24. Bxf8 Qxf8 25. Qxb5 Nd8 26. Bc4 Qf7 27. Bxe6
Nxe6 28. Nc3 Nd4 29. Qb2 Qe6 30. Qa2 Qxa2 31. Nxa2 Ne2+ 32. Kh2 Bd4 33. g3 g5
34. Nb4 Nc3 35. f3 Kg7 36. Nc6 Bc5 37. Rc1 Na4 38. f4 gxf4 39. gxf4 Be3 40. Rf1
Nc5 {(=)} 41. Ne7 Kf7 42. Nf5 Bd2 43. Nxd6+ Ke6 44. e5 fxe5 45. fxe5 Nd3 46.
Nc4 Bf4+ 47. Kh3 Kd5 48. Nb2 Nxb2 49. Rxf4 Nd3 50. Rf5 Nxe5 51. Kh4 Ke6 52. Rf1
Nf7 53. g5 Ke7 54. Kh5 Ke8 55. Rf6 Ke7 56. Rh6 Kf8 57. Rxh7 Kg8 58. Rxf7 Kxf7
59. Kh6 Kg8 60. Kg6 1-0

[Event "Hastings Masters"]
[Site "Hastings"]
[Date "2006.12.29"]
[Round "2.49"]
[White "Reuben, Stewart"]
[Black "Salimbeni, George"]
[Result "0-1"]
[WhiteElo "2146"]
[BlackElo "1624"]
[PlyCount "62"]
[EventDate "2006.12.28"]
[SourceDate "2006.12.28"]

1. c4 Nf6 2. g3 g6 3. Bg2 d5 4. cxd5 Nxd5 5. Nc3 Nxc3 6. bxc3 c5 7. Rb1 Qc7 8.
Qb3 Nd7 9. d4 Bg7 10. Bf4 e5 11. dxe5 Bxe5 12. Bxe5 Qxe5 13. Nf3 Qe7 14. O-O
O-O 15. Rfe1 Nb6 16. Nd2 Be6 17. c4 Rad8 18. Qe3 Rd7 19. Rb5 Nxc4 20. Nxc4 Bxc4
21. Qxe7 Rxe7 22. Rxb7 Rxb7 23. Bxb7 {(=)} Rb8 24. Bf3 Bxa2 25. Rc1 Rb1 26.
Rxb1 Bxb1 27. Kf1 a5 28. Ke1 a4 29. Kd2 a3 30. Kc3 a2 31. Kb2 c4 0-1

[Event "Hastings Masters"]
[Site "Hastings"]
[Date "2006.12.30"]
[Round "3.1"]
[White "Gagunashvili, Merab"]
[Black "Haslinger, Stewart"]
[Result "1-0"]
[WhiteElo "2611"]
[BlackElo "2438"]
[PlyCount "65"]
[EventDate "2006.12.28"]
[SourceDate "2006.12.28"]

1. d4 d5 2. c4 c6 3. Nf3 Nf6 4. Nc3 a6 5. a4 e6 6. Bg5 Nbd7 7. a5 dxc4 8. e4 h6
9. Bxf6 Nxf6 10. Qa4 Bd7 11. Qxc4 Qe7 12. Be2 Qb4 13. Ra4 Qxc4 14. Rxc4 Be7 15.
Ne5 Rb8 16. Kd2 O-O 17. Ke3 Be8 18. Nd3 g5 19. b4 Bd6 20. g3 Nd7 21. f4 f6 22.
e5 b5 23. Rxc6 Nxe5 24. Rxa6 Nc4+ 25. Kf2 gxf4 26. gxf4 Kh8 27. Nc5 Rg8 28.
Bxc4 Bxc5 29. dxc5 bxc4 30. Rb6 Rd8 31. Rd1 Bh5 32. Rxd8 Rxd8 33. Rd6 1-0

[Event "Hastings Masters"]
[Site "Hastings"]
[Date "2006.12.30"]
[Round "3.2"]
[White "Hendriks, Willy"]
[Black "Gofshtein, Zvulon"]
[Result "0-1"]
[WhiteElo "2439"]
[BlackElo "2509"]
[PlyCount "80"]
[EventDate "2006.12.28"]
[SourceDate "2006.12.28"]

1. e4 g6 2. d4 Bg7 3. Nc3 d6 4. Bg5 a6 5. Nf3 Nd7 6. a4 h6 7. Be3 e6 8. a5 Ne7
9. Bd3 Nc6 10. O-O g5 11. h3 Nf6 12. d5 exd5 13. Nxd5 g4 14. hxg4 Nxg4 15. Bf4
Rg8 16. Bg3 Be6 17. c3 Qd7 18. b4 Ne7 19. c4 Bxa1 20. Qxa1 Ng6 21. Re1 Kf8 22.
Qd4 Bxd5 23. Qxd5 Nf6 24. Qxb7 Re8 25. b5 Nh5 26. Bf1 Nxg3 27. fxg3 Qg4 28.
Qxc7 Qxg3 29. Rd1 Nf4 30. Qxd6+ Kg7 31. Rd2 Re6 32. Qd7 Nh3+ 33. Kh1 Nf2+ 34.
Kg1 Nh3+ 35. Kh1 Nf2+ 36. Kg1 Ng4 37. b6 Rf6 38. Qd4 Rd8 39. Qxd8 Rxf3 40. Qd4+
Kh7 0-1

[Event "Hastings Masters"]
[Site "Hastings"]
[Date "2006.12.30"]
[Round "3.3"]
[White "Pavlovic, Milos"]
[Black "Jones, Gawain"]
[Result "1/2-1/2"]
[WhiteElo "2507"]
[BlackElo "2430"]
[PlyCount "90"]
[EventDate "2006.12.28"]
[SourceDate "2006.12.28"]

1. Nf3 c5 2. c4 Nf6 3. Nc3 e6 4. g3 b6 5. Bg2 Bb7 6. O-O Nc6 7. e3 Be7 8. d4
cxd4 9. exd4 d5 10. cxd5 Nxd5 11. Nxd5 exd5 12. Re1 O-O 13. Bf4 Bd6 14. Ne5
Nxe5 15. Bxe5 Qd7 16. Qb3 Bxe5 17. Rxe5 Rae8 18. Rae1 Rxe5 19. Rxe5 Rd8 20. Qa3
a5 21. Re7 Qc6 22. Qf3 Rf8 23. h4 h6 24. Qc3 Rc8 25. Bh3 Qxc3 26. bxc3 Rb8 27.
Bg2 b5 28. a3 Bc6 29. Rc7 Rb6 30. Kf1 g5 31. hxg5 hxg5 32. Bf3 b4 33. cxb4 axb4
34. axb4 Bb5+ 35. Kg2 Bc4 36. Rd7 Rb5 37. Kh3 f5 38. Bh5 Rxb4 39. Bf7+ Kf8 40.
Bxd5 Bf1+ 41. Kh2 Rxd4 42. Rf7+ Ke8 43. Rxf5 g4 44. Re5+ Kd7 45. Bg2 Bc4
1/2-1/2

[Event "Hastings Masters"]
[Site "Hastings"]
[Date "2006.12.30"]
[Round "3.4"]
[White "Ansell, Simon"]
[Black "Pert, Nicholas"]
[Result "1/2-1/2"]
[WhiteElo "2394"]
[BlackElo "2502"]
[PlyCount "38"]
[EventDate "2006.12.28"]
[SourceDate "2006.12.28"]

1. e4 e6 2. d3 d5 3. Nd2 Nf6 4. Ngf3 b6 5. c3 c5 6. Qa4+ Qd7 7. Qxd7+ Nfxd7 8.
exd5 exd5 9. d4 Bd6 10. Bb5 a6 11. Ba4 O-O 12. O-O Nf6 13. Re1 Bd7 14. Bb3 Nc6
15. Nf1 cxd4 16. Nxd4 Nxd4 17. cxd4 h6 18. a3 Be6 19. Bd2 a5 {(=)} 1/2-1/2

[Event "Hastings Masters"]
[Site "Hastings"]
[Date "2006.12.30"]
[Round "3.5"]
[White "Williams, Simon K"]
[Black "Rudd, Jack"]
[Result "1-0"]
[WhiteElo "2473"]
[BlackElo "2310"]
[PlyCount "93"]
[EventDate "2006.12.28"]
[SourceDate "2006.12.28"]

1. c4 Nf6 2. Nc3 g6 3. d4 Bg7 4. e4 d6 5. Be2 O-O 6. Be3 c6 7. h3 Nbd7 8. g4 a6
9. f4 b5 10. e5 Ne8 11. Nf3 Nb6 12. c5 Nc4 13. Bxc4 bxc4 14. Qa4 dxc5 15. dxc5
Rb8 16. Rd1 Qc7 17. Rh2 f6 18. Qxc4+ Kh8 19. e6 a5 20. a3 f5 21. g5 Qb7 22. h4
Qb3 23. Qxb3 Rxb3 24. Nd4 Bxd4 25. Bxd4+ Kg8 26. h5 gxh5 27. Rxh5 Ng7 28. Rh6
Nxe6 29. Be5 Re8 30. Rd3 Rxb2 31. g6 hxg6 32. Rh8+ Kf7 33. Rh7+ Kf8 34. Rdh3 g5
35. Rh8+ Kf7 36. R3h7+ Kg6 37. Rh6+ Kf7 38. R8h7+ Kf8 39. Ne2 Rb1+ 40. Kf2 Bd7
41. Nd4 Nxd4 42. Bg7+ Kg8 43. Bxd4 e5 44. Bxe5 Rxe5 45. fxe5 Be6 46. Rc7 Bd5
47. Rg6+ 1-0

[Event "Hastings Masters"]
[Site "Hastings"]
[Date "2006.12.30"]
[Round "3.6"]
[White "Cherniaev, Alexander"]
[Black "Sugden, John"]
[Result "1-0"]
[WhiteElo "2472"]
[BlackElo "2158"]
[PlyCount "81"]
[EventDate "2006.12.28"]
[SourceDate "2006.12.28"]

1. e4 c5 2. Nf3 e6 3. c3 d5 4. e5 Nc6 5. d4 Qb6 6. a3 c4 7. Nbd2 Na5 8. g3 Bd7
9. h4 O-O-O 10. Bh3 h6 11. h5 Ne7 12. O-O Kb8 13. Nh4 Nf5 14. Ng2 Be7 15. Nf3
Nb3 16. Rb1 g6 17. hxg6 fxg6 18. g4 Ng7 19. Nfh4 Be8 20. Qc2 Nxc1 21. Rfxc1 Qb3
22. Qxb3 cxb3 23. Nf3 Bg5 24. Re1 Bb5 25. Nxg5 hxg5 26. Re3 Rdf8 27. Rg3 Rf7
28. Rd1 Ne8 29. Ne1 Rf4 30. Rd2 Re4 31. Nf3 Nc7 32. Nxg5 Re1+ 33. Kh2 Rc1 34.
Rg1 Rc2 35. Rxc2 bxc2 36. Rc1 Bd3 37. Kg3 Kc8 38. Nf3 Be4 39. Ne1 g5 40. Nxc2
Rf8 41. Bg2 1-0

[Event "Hastings Masters"]
[Site "Hastings"]
[Date "2006.12.30"]
[Round "3.7"]
[White "Peek, Marcel"]
[Black "Greet, Andrew"]
[Result "1/2-1/2"]
[WhiteElo "2367"]
[BlackElo "2439"]
[PlyCount "85"]
[EventDate "2006.12.28"]
[SourceDate "2006.12.28"]

1. d4 Nf6 2. c4 e6 3. Nf3 b6 4. Nc3 Bb4 5. Bg5 Bb7 6. e3 h6 7. Bh4 g5 8. Bg3
Ne4 9. Qc2 d6 10. Bd3 Bxc3+ 11. bxc3 f5 12. d5 Nd7 13. Nd4 Ndc5 14. dxe6 Qf6
15. f3 f4 16. Bxe4 Bxe4 17. fxe4 fxg3 18. hxg3 O-O-O 19. Rf1 Qg6 20. e7 Rde8
21. Nf5 Qe6 22. O-O-O Qxe4 23. Qxe4 Nxe4 24. Kc2 Nc5 25. g4 Nd7 26. Rd4 Ne5 27.
Rh1 Kd7 28. Re4 Rh7 29. c5 bxc5 30. Rxe5 dxe5 31. Kd3 e4+ 32. Kxe4 Rexe7+ 33.
Nxe7 Rxe7+ 34. Kd5 Rxe3 35. c4 c6+ 36. Kxc5 Ra3 37. Rxh6 Ra5+ 38. Kd4 Rxa2 39.
Rh7+ Kd6 40. c5+ Ke6 41. Rh6+ Kd7 42. Rh7+ Ke6 43. Rh6+ 1/2-1/2

[Event "Hastings Masters"]
[Site "Hastings"]
[Date "2006.12.30"]
[Round "3.8"]
[White "Marusenko, Petr"]
[Black "Ikonnikov, Vyacheslav"]
[Result "1/2-1/2"]
[WhiteElo "2330"]
[BlackElo "2588"]
[PlyCount "60"]
[EventDate "2006.12.28"]
[SourceDate "2006.12.28"]

1. e4 c5 2. Nf3 Nc6 3. Bb5 g6 4. Bxc6 dxc6 5. d3 Bg7 6. h3 b6 7. Nc3 Nh6 8. Be3
f6 9. a3 O-O 10. Qd2 Nf7 11. b4 cxb4 12. axb4 e5 13. g4 Be6 14. Ne2 Qe7 15. Ng3
Rfd8 16. O-O Rac8 17. Ra4 Rc7 18. Rfa1 Nd6 19. Qc1 Nc8 20. Qe1 Qe8 21. Nd2 Rf7
22. R1a3 Qd7 23. Kh2 Rdf8 24. Ndf1 f5 25. gxf5 gxf5 26. exf5 Bxf5 27. Nxf5 Rxf5
28. Ng3 Rf3 29. b5 cxb5 30. Rg4 Ne7 {remaining moves illegible} 1/2-1/2

[Event "Hastings Masters"]
[Site "Hastings"]
[Date "2006.12.30"]
[Round "3.9"]
[White "Hebden, Mark"]
[Black "Huss, Andreas"]
[Result "1/2-1/2"]
[WhiteElo "2545"]
[BlackElo "2338"]
[PlyCount "80"]
[EventDate "2006.12.28"]
[SourceDate "2006.12.28"]

1. d4 e6 2. Nf3 Nf6 3. c3 b6 4. Bg5 Bb7 5. Nbd2 Be7 6. e3 Ne4 7. Bxe7 Qxe7 8.
Nxe4 Bxe4 9. Bd3 Bxd3 10. Qxd3 d5 11. e4 O-O 12. O-O-O Rd8 13. Ne5 c5 14. exd5
cxd4 15. Qxd4 Rxd5 16. Qe4 Qb7 17. Rxd5 exd5 18. Qa4 b5 19. Qd4 Nd7 20. Nxd7
Qxd7 21. Re1 Rd8 22. g3 a6 23. h4 Qd6 24. Re5 f6 25. Re2 h5 26. Qa7 Kf8 27. Qd4
Kf7 28. Kc2 Rd7 29. a4 bxa4 30. Qxa4 Re7 31. Rd2 Qe6 32. Qd4 Qf5+ 33. Qd3 Qxd3+
34. Kxd3 Re4 35. b4 g5 36. f3 Rc4 37. Ra2 gxh4 38. gxh4 Rc6 39. f4 Ke6 40. Ra5
Kd6 {(=)} 1/2-1/2

[Event "Hastings Masters"]
[Site "Hastings"]
[Date "2006.12.30"]
[Round "3.10"]
[White "Furman, Boris"]
[Black "Tahirov, Farhad"]
[Result "0-1"]
[WhiteElo "2263"]
[BlackElo "2545"]
[PlyCount "68"]
[EventDate "2006.12.28"]
[SourceDate "2006.12.28"]

1. d4 Nf6 2. c4 e6 3. Nc3 Bb4 4. g3 c5 5. Nf3 O-O 6. Bg2 Ne4 7. Qd3 cxd4 8.
Nxd4 Nxc3 9. bxc3 Be7 10. O-O d6 11. Ba3 a6 12. Rfd1 Qc7 13. Nc2 Rd8 14. Ne3
Nc6 15. f4 g6 16. g4 Rb8 17. g5 Qa5 18. Bc1 Qc5 19. Kh1 b6 20. a4 Na5 21. Ba3
Qc7 22. Rab1 Bb7 23. Bb4 Bxg2+ 24. Kxg2 Qc6+ 25. Kf2 Nb7 26. Ng4 Rbc8 27. Qd4
e5 28. Nh6+ Kg7 29. fxe5 Bxg5 30. exd6+ f6 31. Nf5+ gxf5 32. h4 Bh6 33. Ba3 Nc5
34. a5 Rxd6 0-1

[Event "Hastings Masters"]
[Site "Hastings"]
[Date "2006.12.30"]
[Round "3.11"]
[White "Kwiatkowski, Feliks"]
[Black "Lalic, Bogdan"]
[Result "1/2-1/2"]
[WhiteElo "2226"]
[BlackElo "2491"]
[PlyCount "46"]
[EventDate "2006.12.28"]
[SourceDate "2006.12.28"]

1. e4 c5 2. Nf3 d6 3. d4 cxd4 4. Nxd4 Nf6 5. Nc3 e6 6. Be2 Be7 7. O-O a6 8. f4
Qc7 9. Kh1 O-O 10. a4 b6 11. Bf3 Bb7 12. f5 e5 13. Nde2 Nbd7 14. g4 d5 15. exd5
e4 16. Nxe4 Nxd5 17. N2c3 Nb4 18. Bf4 Ne5 19. Qe2 Rfe8 20. Bg2 Bf8 21. Rad1 Qc8
22. h3 Bc6 23. Qf2 b5 {(=)} 1/2-1/2

[Event "Hastings Masters"]
[Site "Hastings"]
[Date "2006.12.30"]
[Round "3.12"]
[White "Cafferty, Bernard"]
[Black "Ciuksyte, Dagne"]
[Result "1/2-1/2"]
[WhiteElo "2207"]
[BlackElo "2440"]
[PlyCount "97"]
[EventDate "2006.12.28"]
[SourceDate "2006.12.28"]

1. c4 c5 2. Nc3 Nf6 3. Nf3 e6 4. g3 b6 5. Bg2 Bb7 6. O-O d6 7. b3 Nbd7 8. Bb2
a6 9. Qc2 Be7 10. e4 Qc7 11. d4 cxd4 12. Nxd4 O-O 13. Qe2 Rfe8 14. Rac1 Rad8
15. Rfd1 Qb8 16. Re1 Bf8 17. f3 g6 18. Rcd1 Bg7 19. Qf1 Nc5 20. Qe2 Qa8 21. Qf1
Qc8 22. Bh3 Ncd7 23. Qf2 Qc7 24. Ndb5 axb5 25. Nxb5 Qb8 26. Nxd6 Rf8 27. e5 Nh5
28. f4 Bh6 29. Ba3 Ba8 30. Nb5 Nc5 31. Nd6 Qa7 32. Bc1 f5 33. exf6 Nxf6 34. b4
Rxd6 35. bxc5 Ne4 36. cxd6 Nxf2 37. Bxe6+ Kh8 38. Kxf2 Qxa2+ 39. Re2 Qb3 40.
Bb2+ Bg7 41. Bxg7+ Kxg7 42. Bg4 Qxc4 43. d7 Qc5+ 44. Kf1 Bd5 45. Re5 Qb5+ 46.
Kg1 Qc5+ 47. Kf1 Qb5+ 48. Kg1 Qc5+ 49. Kf1 1/2-1/2

[Event "Hastings Masters"]
[Site "Hastings"]
[Date "2006.12.30"]
[Round "3.13"]
[White "McNab, Colin"]
[Black "Houska, Jovanka"]
[Result "0-1"]
[WhiteElo "2433"]
[BlackElo "2364"]
[PlyCount "90"]
[EventDate "2006.12.28"]
[SourceDate "2006.12.28"]

1. Nf3 d5 2. g3 c6 3. Bg2 Nf6 4. d3 Bf5 5. O-O h6 6. b3 Nbd7 7. Bb2 e6 8. Nbd2
Be7 9. e4 dxe4 10. dxe4 Bh7 11. Qe2 O-O 12. a4 a5 13. Rad1 Qc7 14. Nd4 Rfd8 15.
Kh1 Bc5 16. f4 Nb6 17. c3 e5 18. fxe5 Qxe5 19. Rf4 Bg6 20. Rdf1 Re8 21. Bf3
Rad8 22. Qg2 Rd7 23. Bg4 Nxg4 24. Rxg4 Red8 25. N2f3 Qe8 26. e5 Bf8 27. e6 Rd5
28. Nh4 c5 29. exf7+ Bxf7 30. Ndf5 Rxf5 31. Rxf5 Rd1+ 32. Rf1 Bd5 33. Nf3 Qe3
34. Rf4 Rxf1+ 35. Qxf1 g5 36. c4 Bc6 37. Rf6 Be4 38. Bc1 Qxb3 39. Kg1 Bg7 40.
Nd2 Qe3+ 41. Qf2 Qxf2+ 42. Rxf2 Bc2 43. Re2 Bd4+ 44. Kg2 Bxa4 45. Kf3 Bd1 0-1

[Event "Hastings Masters"]
[Site "Hastings"]
[Date "2006.12.30"]
[Round "3.14"]
[White "Rendle, Thomas"]
[Black "Rayner, Francis"]
[Result "1-0"]
[WhiteElo "2382"]
[BlackElo "2247"]
[PlyCount "69"]
[EventDate "2006.12.28"]
[SourceDate "2006.12.28"]

1. e4 c5 2. Nf3 d6 3. c3 Nf6 4. Be2 Bd7 5. Qc2 Bc6 6. d3 Nbd7 7. O-O e6 8. Nbd2
Rc8 9. d4 d5 10. exd5 Bxd5 11. c4 cxd4 12. Nxd4 Qb6 13. N2f3 Be4 14. Bd3 Bxd3
15. Qxd3 Be7 16. b3 O-O 17. Bb2 Rfd8 18. Qe2 Bf8 19. a3 Nc5 20. Rab1 a6 21. b4
Ncd7 22. c5 Qc7 23. Rbc1 e5 24. Nf5 e4 25. N3d4 Ne5 26. Rcd1 Nd3 27. Ba1 Re8
28. f3 Nf4 29. Qf2 g6 30. Qh4 N4d5 31. fxe4 Rxe4 32. Nh6+ Bxh6 33. Qxh6 Ng4 34.
Qh4 Nde3 35. Rde1 {remaining moves illegible} 1-0

[Event "Hastings Masters"]
[Site "Hastings"]
[Date "2006.12.30"]
[Round "3.15"]
[White "Knott, Simon"]
[Black "Anderson, John"]
[Result "1/2-1/2"]
[WhiteElo "2375"]
[BlackElo "2199"]
[PlyCount "88"]
[EventDate "2006.12.28"]
[SourceDate "2006.12.28"]

1. Nf3 d5 2. d4 Nf6 3. c4 c6 4. Nc3 dxc4 5. a4 Bf5 6. e3 e6 7. Bxc4 Bb4 8. O-O
O-O 9. Qe2 Bg6 10. Ne5 Nbd7 11. Nxg6 hxg6 12. Rd1 Qe7 13. e4 e5 14. d5 Rac8 15.
Bg5 Rfd8 16. a5 Bxc3 17. bxc3 cxd5 18. exd5 Qc5 19. Bb5 a6 20. Ba4 Nf8 21. Be3
Qxc3 22. d6 N8d7 23. Bxd7 Nxd7 24. Rab1 Qc6 25. Rbc1 Qb5 26. Qxb5 axb5 27. Rc7
Ra8 28. Rxb7 Rxa5 29. h3 f6 30. Bd2 Ra4 31. Rxb5 Rd4 32. Rbb1 Rxd6 33. Ba5
Rxd1+ 34. Rxd1 Ra8 35. Rxd7 Rxa5 36. h4 Ra1+ 37. Kh2 Ra2 38. Kg1 Ra8 39. g3 Rf8
40. Re7 Rf7 41. Re8+ Kh7 42. Kg2 Ra7 43. Kf3 Ra4 44. Ke3 Rb4 1/2-1/2

[Event "Hastings Masters"]
[Site "Hastings"]
[Date "2006.12.30"]
[Round "3.16"]
[White "Salimbeni, George"]
[Black "Vul, Arkadi"]
[Result "0-1"]
[WhiteElo "1624"]
[BlackElo "2365"]
[PlyCount "78"]
[EventDate "2006.12.28"]
[SourceDate "2006.12.28"]

1. e4 e5 2. Bc4 Nf6 3. d3 c6 4. Nf3 d5 5. Bb3 Bb4+ 6. Bd2 Bxd2+ 7. Qxd2 Qd6 8.
exd5 cxd5 9. O-O O-O 10. Re1 Nc6 11. h3 Re8 12. Nc3 a6 13. a4 h6 14. a5 Bf5 15.
Na4 Rad8 16. d4 Ne4 17. Qd1 exd4 18. Nxd4 Qf4 19. f3 Nd2 20. Nxf5 Nxb3 21. cxb3
Rxe1+ 22. Qxe1 Qxf5 23. Nc5 d4 24. b4 d3 25. Qe4 Qxe4 26. fxe4 Nxb4 27. Rd1 Rc8
28. Nxd3 Rd8 29. Nf2 Rxd1+ 30. Nxd1 Nc6 31. Kf2 Kf8 32. Ne3 Nxa5 33. Nf5 Nc4
34. b3 Nd2 35. Nd6 Nxb3 36. Nxb7 Ke7 37. e5 a5 38. Ke3 a4 39. Kd3 a3 0-1

[Event "Hastings Masters"]
[Site "Hastings"]
[Date "2006.12.30"]
[Round "3.17"]
[White "Neverov, Valeriy"]
[Black "Kulago, Alexander"]
[Result "1-0"]
[WhiteElo "2538"]
[BlackElo "2114"]
[PlyCount "97"]
[EventDate "2006.12.28"]
[SourceDate "2006.12.28"]

1. e4 e5 2. Nf3 Nc6 3. Bb5 g6 4. d4 exd4 5. Bg5 Be7 6. Bxe7 Ngxe7 7. Nxd4 d5 8.
Nc3 dxe4 9. Nxe4 O-O 10. Bxc6 Nxc6 11. Nxc6 Qxd1+ 12. Rxd1 bxc6 13. Kd2 Bf5 14.
Rhe1 Rfd8+ 15. Kc1 Rxd1+ 16. Kxd1 Rd8+ 17. Nd2 Kf8 18. Re3 Bg4+ 19. f3 Bc8 20.
Ra3 a6 21. Rc3 Rd6 22. Ke2 Bf5 23. Nc4 Rf6 24. Ne3 Bc8 25. Rc5 Ke7 26. c3 Kd6
27. b4 Ke7 28. Nc2 h5 29. Nd4 Bd7 30. Ke3 Rd6 31. Ra5 Bc8 32. Re5+ Kf8 33. h4
f6 34. Rc5 Bd7 35. Ra5 Bc8 36. c4 Ke7 37. c5 Rd5 38. Nxc6+ Kd7 39. Nb8+ Kd8 40.
Nxa6 Re5+ 41. Kf2 Rd5 42. Nb8 Rd2+ 43. Kg1 g5 44. hxg5 fxg5 45. Nc6+ Kd7 46.
Na7 g4 47. fxg4 hxg4 48. b5 Kd8 49. Nxc8 1-0

[Event "Hastings Masters"]
[Site "Hastings"]
[Date "2006.12.30"]
[Round "3.18"]
[White "Wallace, John Paul"]
[Black "Donovan, Nigel"]
[Result "1-0"]
[WhiteElo "2418"]
[BlackElo "2119"]
[PlyCount "57"]
[EventDate "2006.12.28"]
[SourceDate "2006.12.28"]

1. d4 Nf6 2. c4 e6 3. Nc3 Bb4 4. e3 b6 5. Bd3 Bb7 6. Nge2 c5 7. O-O O-O 8. d5
Bxc3 9. Nxc3 exd5 10. cxd5 Ba6 11. e4 Bxd3 12. Qxd3 d6 13. f4 Nbd7 14. b3 a6
15. Bb2 Qc7 16. Rad1 Rfe8 17. Qg3 b5 18. e5 dxe5 19. d6 exf4 20. Rxf4 Qd8 21.
Nd5 Re6 22. Nc7 Nh5 23. Qg4 Ndf6 24. Bxf6 Rxf6 25. Qxh5 Rxf4 26. Nxa8 Qxa8 27.
d7 Rd4 28. Rxd4 cxd4 29. Qe5 1-0